Atlas of Earthcare (Record no. 2442)

MARC details
000 -LEADER
fixed length control field 00359nam a22001457a 4500
003 - CONTROL NUMBER IDENTIFIER
control field OSt
005 - DATE AND TIME OF LATEST TRANSACTION
control field 20160727222550.0
008 - FIXED-LENGTH DATA ELEMENTS--GENERAL INFORMATION
fixed length control field 160714b xxu||||| |||| 00| 0 eng d
040 ## - CATALOGING SOURCE
Transcribing agency Atlas of Earthcare
100 ## - MAIN ENTRY--PERSONAL NAME
9 (RLIN) 2869
Personal name Litvinoff, M
245 ## - TITLE STATEMENT
Title Atlas of Earthcare
260 ## - PUBLICATION, DISTRIBUTION, ETC. (IMPRINT)
Place of publication, distribution, etc. London
Name of publisher, distributor, etc. Gaia Books
Date of publication, distribution, etc. 1996
300 ## - PHYSICAL DESCRIPTION
Extent Atlas of Earthcare
942 ## - ADDED ENTRY ELEMENTS (KOHA)
Source of classification or shelving scheme Library of Congress Classification
Koha item type BOOK
Holdings
Withdrawn status Lost status Source of classification or shelving scheme Damaged status Not for loan Home library Current library Shelving location Date acquired Total Checkouts Full call number Barcode Date last seen Date last checked out Price effective from Koha item type
    Library of Congress Classification     Good Samaritan School Library Good Samaritan School Library   07/14/2016 1 525 LIT4023 09/06/2019 08/30/2019 07/14/2016 BOOK

Powered by Koha